[Event "ESP-ch ko"]
[Site "Ayamonte"]
[Date "2007.11.12"]
[Round "2.2"]
[White "Moreno Ruiz, Javier"]
[Black "Illescas Cordoba, Miguel"]
[Result "1/2-1/2"]
[WhiteElo "2466"]
[BlackElo "2598"]
[Annotator "CB"]
[PlyCount "77"]
[EventDate "2007.11.09"]
[EventType "k.o."]
[EventRounds "4"]
[EventCountry "ESP"]
[SourceTitle "EXT 2008"]
[Source "ChessBase"]
[SourceDate "2007.11.25"]
[SourceVersion "1"]
[SourceVersionDate "2007.11.25"]
[SourceQuality "1"]

1. d4 d5 2. c4 c6 3. Nc3 dxc4 4. e4 b5 5. a4 b4 6. Nce2 Ba6 7. Nf3 e6 8. Ng3
Nf6 9. Bg5 Be7 10. Rc1 c3 11. bxc3 Bxf1 12. Kxf1 bxc3 13. Rxc3 O-O 14. h4 (14.
Qc2 Na6 15. Ke2 Nb4 16. Qb3 Rb8 17. Qc4 h6 18. Be3 a5 19. Rd1 Nd7 20. Kf1 Nb6
21. Qb3 Nd7 22. Rcc1 Qb6 23. Kg1 Qa6 24. Qb2 Nb6 25. Qa1 Nc4 26. Bf4 Rbd8 27.
Nh5 f6 28. Qc3 Nb6 29. Qb3 Qc8 30. Nh4 Rf7 31. Ng6 Qd7 32. Qg3 Kh7 33. Bc7 Bd6
34. Bxd6 Qxd6 35. e5 Qd5 36. Ngf4 Qe4 37. Nxe6 Rg8 38. Nc5 Qf5 39. e6 Re7 40.
Nf4 g5 41. Ne2 N6d5 42. Qd6 Rgg7 43. Ng3 Qf4 44. Qd8 Qg4 45. h3 Qf4 46. Nh5 Qf5
47. Nxg7 Rxg7 48. Re1 Ne7 49. Nd7 Nd3 50. Nf8+ Kg8 51. Ng6+ Kh7 52. Nxe7 Qxf2+
53. Kh1 Nxe1 54. Rxe1 Qxe1+ 55. Kh2 Qxe6 {0-1 Akesson,R-Rausis,I/Stockholm 2000
}) 14... c5 ({intentando resolver el problema del peón aislado; la alternativa
era presionar en d4 con} 14... Qa5 15. Rc4 h6 (15... Rd8 16. Qc2 h6 17. Bxf6
Bxf6 18. Ne2 Na6 19. Qc3 Qxc3 20. Nxc3 Rac8 21. e5 Be7 22. Ke2 c5 $11) 16. Bxf6
Bxf6) 15. Bxf6 (15. h5 cxd4 16. Rc4 h6 17. Bxf6 Bxf6 18. e5 Be7 19. Rxd4 Qb6
20. Kg1 $11) 15... gxf6 (15... Bxf6 16. Rxc5 $16) 16. d5 Kh8 17. Rd3 c4 18. Rd4
Bc5 19. Rxc4 Nd7 20. Qc2 Qb6 {Diagrama #} 21. Ne1 $6 (21. h5 Rac8 22. Rh4 Qa6
23. Qe2 Rb8 24. Rc1 Qxa4 $13) (21. Rh3 $5 Rac8 22. Ne2) 21... Rac8 22. Rh3 Qa6
(22... Ne5 23. Rc3 Qa6+ 24. Kg1 $11) 23. Ne2 Bxf2 24. Rxc8 (24. Rc6 Bxe1 25.
Rxa6 Rxc2 26. Rxa7 $11) 24... Rxc8 25. Rc3 Rxc3 26. Qxc3 Bb6 27. Qc6 Ne5 28.
Qe8+ Kg7 29. dxe6 fxe6 30. Qe7+ Nf7 31. Qxe6 Qxa4 $11 32. Nf4 Qb5+ 33. Ned3 Be3
34. Qg4+ Kh6 35. Qg8 Bxf4 36. Qf8+ Kg6 {Diagrama #} 37. Qg8+ (37. h5+ Kxh5 (
37... Kg5 38. Qg7+ Kh4 39. Qxf6+ Ng5 40. Qxf4+ Kxh5 41. Ke2 a5 42. Qh2+ Kg6 43.
Qd6+ Kh5 44. Qd5 Qxd5 45. exd5 a4 46. d6 a3 47. Nb4 Nf7 48. d7 Kg6 $11) 38.
Qxf7+ Kg4 39. Ke2 Kg3 40. Qxh7 Kxg2 41. Qg7+ Bg5 42. Qxa7 Qb1 $14) 37... Kh6
38. Qf8+ Kg6 39. Qg8+ 1/2-1/2

[Event "Corus"]
[Site "Wijk aan Zee"]
[Date "2010.01.23"]
[Round "7"]
[White "Carlsen, Magnus"]
[Black "Ivanchuk, Vassily"]
[Result "1-0"]
[WhiteElo "2810"]
[BlackElo "2749"]
[Annotator "CB"]
[PlyCount "69"]
[EventDate "2010.01.16"]
[EventType "tourn"]
[EventRounds "13"]
[EventCountry "NED"]
[EventCategory "19"]
[SourceTitle "CBM 135"]
[Source "ChessBase"]
[SourceDate "2010.03.17"]
[SourceVersion "1"]
[SourceVersionDate "2010.03.17"]
[SourceQuality "1"]

{As was true of another young player yesterday, Carlsen opted to take a rest
against his opponent - World Champion Anand. Reinvigorated today, the
Norwegian brought his A-game to the A section, in a demolition worthy of the
world's top-ranked, A-grade player.} 1. d4 d5 2. c4 c6 3. Nc3 Nf6 4. e3 a6 5.
Qc2 g6 6. Bd3 Be6 $146 {leaving well-tested lines early.} 7. b3 Bg7 8. Nge2 c5
9. cxd5 Nxd5 10. Nxd5 Bxd5 11. e4 Be6 12. Qxc5 Nc6 13. Be3 Rc8 14. Qa3 O-O 15.
Rd1 Nxd4 (15... a5 {with the idea of providing an outpost for the knight,
facilitating an exchange for White's light-squared bishop, may have been
better.}) 16. Bxd4 Bxd4 17. Bb1 Bc5 18. b4 Qxd1+ {with this move, things go
from bad to worse.} (18... Bxf2+ {was to be much preferred.}) 19. Kxd1 Bxf2 20.
Nf4 Bc4 21. Bd3 Rfd8 22. Ke2 Bxd3+ 23. Kxf2 Rc2+ 24. Kf3 Bc4 25. Rc1 Rxa2 26.
Qc3 b5 27. Ra1 Rdd2 28. Rxa2 Rxa2 29. h4 h5 30. g4 hxg4+ 31. Kxg4 f6 32. e5 Kf7
33. exf6 exf6 34. Qe3 Rc2 35. Qa7+ {With Black's position in tatters, Ivanchuk
mericfully put himself out of his own misery.} 1-0

[Event "Olympiad-30"]
[Site "Manila"]
[Date "1992.06.21"]
[Round "12.1"]
[White "Kasparov, Garry"]
[Black "Nikolic, Predrag"]
[Result "1-0"]
[WhiteElo "2780"]
[BlackElo "2635"]
[Annotator "Chandler,M"]
[PlyCount "73"]
[EventDate "1992.06.08"]
[EventType "team-swiss"]
[EventRounds "14"]
[EventCountry "PHI"]
[SourceTitle "CBM 030"]
[Source "ChessBase"]
[SourceDate "1992.10.01"]
[SourceVersion "1"]
[SourceVersionDate "1992.10.01"]
[SourceQuality "1"]
[WhiteTeam "Russia"]
[BlackTeam "Bosnia&Herzegovina"]
[WhiteTeamCountry "RUS"]
[BlackTeamCountry "BIH"]

1. d4 {This game deservedly won Kasparov the Olympiad brilliancy prize of 50.
000 pesos (around DM 2.800,-). It is a pity he was named as one of the judges.}
d5 2. c4 c6 3. Nc3 e5 4. dxe5 d4 5. Ne4 Qa5+ 6. Bd2 $5 $146 {It is hardly to
believe, that this is a theoretical novelty, but there is no mention in ECO or
my laptop computer.} (6. Nd2) 6... Qxe5 7. Ng3 Qd6 8. Nf3 Nf6 9. Qc2 Be7 10.
O-O-O O-O 11. e3 dxe3 {Here Kasparov sank into thought, which appeared to some
onlookers to be a waste of precious minutes. Why not immediately play the
obvious 12.Bxe3 and see, where Black's queen goes, before thinking?} 12. fxe3 {
The question was answered. Remarkable. White deliberately gives himself an
isolated e-pawn.} Qc7 13. Bc3 Bg4 {Alternative ways of to develop are not easy
to find.} (13... Na6 14. a3 Nc5 15. b4 $1 Ne6 16. Nf5 $16) 14. Bd3 Nbd7 15. Bf5
Bxf5 16. Nxf5 Rfe8 17. Nxg7 $3 {A tremendous sacrifice, reminiscent of the
play of Mikhail Tal.} Kxg7 18. Qf5 $1 Nf8 {The most logical way to meet 19.
Rxd7. Black can meet 19.Qg5 with 19...Ng6.} (18... Rad8 19. Qg5+ Kf8 20. Ne5 $1
{Very strong} Nc5 21. Qh6+ Kg8 22. Ng4 $18) (18... Kf8 19. Qg5 $1 {/\ Ne5, Qh6,
Ne5-g4} (19. Ne5 $6 Nc5 $5)) 19. h4 $1 {/\ 20.Qg5 Ng6 21.h5} h6 20. g4 Qc8 $1 {
Seeking salvation in a queen exchange. White will be left with a positional
advantage due to the akward Black knight on h7, but the game is far from over.}
21. Qxc8 Raxc8 22. g5 N8h7 23. e4 Rcd8 24. Rdf1 Kf8 25. gxf6 Bxf6 26. e5 Bg7
27. Rhg1 c5 28. Kc2 $5 {An all-purpose move, stopping ...Rd3 and removing the
king from the h6-c1 diagonal.} (28. Rg4 h5 $5 29. Rf4 $2 Bh6) 28... Re6 29. Rg4
Bh8 30. b4 b6 31. bxc5 bxc5 32. Rb1 Ra6 33. Rb2 $5 {/\ 34.Rf4 /\ 35.Rb7} (33.
Rb7 {Tempting} Rxa2+ 34. Kb3 Ra6 $1 35. e6 $2 Rxe6 $1 36. Bxh8 Rd3+ {/\ 37...
Rd3xf3} 37. Ka4) 33... Bg7 $2 {After this the combinations work.} (33... Rb6 {
Could be tried} 34. Rb5 $1 Rxb5 35. cxb5 {Sets White up with a potentially
decisive outside passed pawn.}) 34. Rb7 $1 Rxa2+ 35. Kb3 Ra6 36. e6 $1 Rxe6 (
36... Bxc3 37. e7+ Ke8 38. Rg8+) 37. Rxg7 1-0

[Event "POL-chT 51st"]
[Site "Lubniewice"]
[Date "1995.??.??"]
[Round "5"]
[White "Krasenkow, Michal"]
[Black "Wojtkiewicz, Aleksander"]
[Result "0-1"]
[WhiteElo "2590"]
[BlackElo "2570"]
[Annotator "Chekhov,V"]
[PlyCount "74"]
[EventDate "1995.09.14"]
[EventType "team-tourn"]
[EventRounds "11"]
[EventCountry "POL"]
[SourceTitle "EXT 1997"]
[Source "ChessBase"]
[SourceDate "1996.11.15"]
[SourceVersion "1"]
[SourceVersionDate "1996.11.15"]
[SourceQuality "1"]
[WhiteTeam "Gorzow Welkopolski"]
[BlackTeam "Warszawa Polonia"]
[WhiteTeamCountry "POL"]
[BlackTeamCountry "POL"]

1. d4 d5 2. c4 c6 3. Nc3 Nf6 4. e3 Bf5 5. cxd5 cxd5 6. Qb3 Bc8 7. Nf3 (7. Bb5+
Nc6 8. Nf3 e6 9. Ne5 Bd7 10. O-O Be7 11. Nxd7 Nxd7 12. Qa4 O-O 13. Bd2 Nb6 14.
Qd1 Rc8 15. Qe2 a6 $10 {Sokolov,I-Cifuentes Parada,R/Leeuwarden/1994/0,5/61/})
(7. Bd2 e6 8. Rc1 Be7 9. Bd3 O-O 10. Nf3 Nc6 11. O-O Bd7 12. e4 Nb4 13. Bb1
dxe4 $10 {Flear,G-Thorhallsson,T/Oakham/1994/0,5/22/}) (7. f4 Nc6 8. Nf3 e6 9.
Bd2 a6 10. Ne5 Nd7 11. Bd3 Be7 12. O-O Ndxe5 13. fxe5 O-O 14. Rac1 Na5 15. Qc2
h6 16. Ne2 $14 {Farago,I-Kuczynski,R/Polanica Zdroj/1986/0,5/42/}) 7... e6 8.
Ne5 Be7 9. Bd3 O-O 10. O-O Nc6 11. f4 Nd7 12. Bd2 Ndxe5 13. fxe5 Bd7 14. Rf3
Nb4 $6 (14... Rc8 $5 15. Raf1 a6 16. Be1 g6 17. a3 Na5 18. Qc2 $14) 15. Bb1 Rc8
16. a3 Nc6 17. Bd3 Na5 18. Qc2 g6 19. Raf1 a6 20. Be1 Nc4 21. Qf2 $16 Be8 22.
Rf6 Kh8 23. Qh4 (23. Bxc4 $5 Rxc4 24. Qf4 Rg8 25. Bh4 b5 (25... Qb6 $2 26. Nxd5
$18) 26. Bg5 a5 27. Rf3 b4 28. axb4 axb4 29. Rh3 Rg7 30. Bh6 Rg8 31. Qh4 bxc3
32. Bf8 h5 33. Qxh5+ $1 $18) 23... Rg8 (23... Nxb2 $2 24. Bxg6 $1 $18) 24. Qh6
Bf8 (24... Nxb2 $4 25. Rxf7 $18) 25. Qh3 Be7 26. Qh6 Bf8 27. Qh3 Be7 28. Nd1 (
28. Bxc4 Rxc4 29. Bh4 g5 $1 30. Bg3 Bxf6 31. exf6 b5 $13) 28... Nd6 $1 29. Bh4
(29. Rxg6 $5 fxg6 30. exd6 Bxd6 (30... Qxd6 $2 31. Bg3 Qd8 32. Be5+ $18) 31.
Bh4 Be7 32. Qxe6 Bxh4 33. Qe5+ Bf6 34. Rxf6 Qc7 35. Rd6+ Qg7 36. Qxg7+ Rxg7 37.
Nc3 Rd7 $13) 29... Nf5 30. Bxf5 gxf5 31. Rh6 (31. Nc3 $5 Rg4 32. Rf4 Rxf4 33.
exf4 Qb6 $13) 31... Bxh4 32. Rxh4 Rg7 33. Nc3 Bb5 34. Rff4 $6 (34. Rf3 Bd3 35.
Rg3 Qg8) (34. Rc1 $5) 34... Bd3 35. Rh6 (35. Qf3 Qb6 36. Qf2 Rxc3 $19) 35...
Qb6 36. Rfh4 f4 37. Rxf4 Rxc3 (37... Rxc3 38. bxc3 Qb1+ 39. Kf2 Qf1#) 0-1

[Event "Khanty-Mansiysk FIDE GP (Women)"]
[Site "Khanty-Mansiysk"]
[Date "2014.04.15"]
[Round "6"]
[White "Zhao, Xue"]
[Black "Girya, Olga"]
[Result "0-1"]
[WhiteElo "2552"]
[BlackElo "2450"]
[Annotator "ChessBase Website"]
[PlyCount "86"]
[EventDate "2014.04.09"]
[EventType "tourn"]
[EventRounds "11"]
[EventCountry "RUS"]
[EventCategory "10"]
[SourceTitle "CBM 160"]
[Source "ChessBase"]
[SourceDate "2014.05.15"]
[SourceVersion "1"]
[SourceVersionDate "2014.05.15"]
[SourceQuality "1"]
[TimeControl "40/5400+30:1800+30"]
[WhiteClock "1:30:00"]
[BlackClock "1:30:00"]

1. d4 {[%emt 0:00:11]} d5 {[%emt 0:00:00]} 2. c4 {[%emt 0:00:04]} c6 {[%emt 0:
00:00]} 3. e3 {[%emt 0:00:05]} Nf6 {[%emt 0:00:00]} 4. Bd3 {[%emt 0:00:19]} e5
{[%emt 0:00:24]} 5. dxe5 {[%emt 0:03:11]} (5. Nc3 e4 6. Bc2 Bd6 7. f3 O-O 8.
fxe4 Nxe4 9. Nf3 f5 10. cxd5 Nxc3 11. bxc3 cxd5 12. O-O Nc6 13. Bb3 Be6 14. e4
fxe4 15. Ng5 Qe7 16. Re1 h6 17. Nxe6 Qxe6 18. Qh5 Rf5 19. Qh3 Raf8 20. Be3 Qf7
21. g3 Na5 22. Bd1 h5 23. Kh1 Nc4 24. Bg1 g6 25. Be2 b5 26. a4 b4 27. cxb4 Bxb4
28. Rf1 a5 29. Rxf5 Qxf5 30. Qxf5 Rxf5 31. Rc1 Bd2 32. Rd1 e3 33. Rb1 Na3 34.
Rb2 Bc1 {Zvjaginsev,V (2659)-Korneev,O (2622) St Petersburg 2013 1/2-1/2}) 5...
dxc4 {[%emt 0:00:13]} 6. exf6 {[%emt 0:07:08]} cxd3 {[%emt 0:02:16]} 7. fxg7 {
[%emt 0:00:06] It is very unclear to me what Zhao Xue was thinking during the
opening. After only seven moves of chess she was clearly worse with White and
such a mistake is not forgivable for a grandmaster level player. Girya took
her advantage and kept putting pressure on White's position, until eventually
winning a queen endgame that was difficult to defend for White, if defendable
at all.} Bxg7 {[%emt 0:00:07]} 8. Nf3 {[%emt 0:03:15]} Na6 $146 {[%emt 0:19:18]
} (8... O-O 9. O-O Bg4 10. h3 Bh5 11. Nbd2 a5 12. Rb1 Na6 13. a3 Nc7 14. Re1 a4
15. Nf1 f5 16. b3 Nb5 17. Bb2 Nc3 18. Bxc3 Bxc3 19. N1d2 Bxf3 20. Nxf3 Bxe1 21.
Nxe1 d2 22. Nf3 Qd3 23. bxa4 Rfd8 24. Rxb7 Qc3 25. Kh2 Rab8 26. Rxb8 Rxb8 27.
Nxd2 Rd8 28. Qb3+ Qxb3 29. Nxb3 Rd3 30. Nc5 Rc3 31. Nb7 Rxa3 32. a5 Kf8 33. Kg3
Ra4 34. Nd8 Rxa5 35. Nxc6 Rc5 36. Nd4 Kf7 37. Kf4 Kf6 38. f3 {Cvitan,O (2410)
-Kirov,N (2445) Baku 1983 1/2-1/2}) 9. O-O {[%emt 0:00:53]} Bg4 {[%emt 0:01:22]
} 10. h3 {[%emt 0:05:19]} Bh5 {[%emt 0:00:34]} 11. Nbd2 {[%emt 0:01:20]} Nc5 {
[%emt 0:01:42]} 12. Rb1 {[%emt 0:02:13]} f5 {[%emt 0:12:09]} 13. b4 {[%emt 0:
12:34]} Ne4 {[%emt 0:00:11]} 14. Bb2 {[%emt 0:00:47]} Nxd2 {[%emt 0:20:12]} 15.
Qxd2 {[%emt 0:00:06]} Bxf3 {[%emt 0:00:10]} 16. gxf3 {[%emt 0:00:04]} Rg8 {
[%emt 0:01:40]} 17. Kh2 {[%emt 0:00:54]} Qd6+ {[%emt 0:02:11]} 18. f4 {[%emt 0:
01:30]} O-O-O {[%emt 0:01:46]} 19. Bxg7 {[%emt 0:01:28]} Rxg7 {[%emt 0:00:02]}
20. Rg1 {[%emt 0:00:06]} Rdg8 {[%emt 0:09:24]} 21. Rg3 {[%emt 0:02:19]} Qd5 {
[%emt 0:03:45]} 22. Rbg1 {[%emt 0:06:29]} Rxg3 {[%emt 0:08:18]} 23. fxg3 {
[%emt 0:00:18]} h5 {[%emt 0:01:01]} 24. Rg2 {[%emt 0:10:30]} Qe4 {[%emt 0:00:
40]} 25. Kg1 {[%emt 0:07:29]} Kc7 {[%emt 0:05:29]} 26. Kf2 {[%emt 0:00:41]} h4
{[%emt 0:00:43]} 27. Rg1 {[%emt 0:00:40]} hxg3+ {[%emt 0:03:13]} 28. Rxg3 {
[%emt 0:00:18]} Rxg3 {[%emt 0:04:23]} 29. Kxg3 {[%emt 0:00:05]} Qc4 {[%emt 0:
00:04]} 30. Qb2 {[%emt 0:04:44]} Qd5 {[%emt 0:00:19]} 31. Qd2 {[%emt 0:00:13]}
Qc4 {[%emt 0:00:12]} 32. Qb2 {[%emt 0:00:04]} Qd5 {[%emt 0:00:02]} 33. Qd2 {
[%emt 0:00:04]} a5 {[%emt 0:00:39]} 34. bxa5 {[%emt 0:01:03]} c5 {[%emt 0:00:
40]} 35. h4 {[%emt 0:03:08]} c4 {[%emt 0:00:46]} 36. h5 {[%emt 0:00:17]} Qc5 {
[%emt 0:02:02]} 37. h6 {[%emt 0:00:11]} c3 {[%emt 0:00:16]} 38. Qxd3 {[%emt 0:
00:37]} c2 {[%emt 0:00:01]} 39. h7 {[%emt 0:02:40]} c1=Q {[%emt 0:00:06]} 40.
h8=Q {[%emt 0:00:00]} Qg1+ {[%emt 0:00:00]} 41. Kf3 {[%emt 0:00:10]} Qc6+ {
[%emt 0:01:15]} 42. e4 {[%emt 0:02:20]} fxe4+ {[%emt 0:01:28]} 43. Qxe4 {
[%emt 0:00:02]} Qd1+ {[%emt 0:00:49]} 0-1

[Event "Khanty-Mansiysk FIDE GP (Women)"]
[Site "Khanty-Mansiysk"]
[Date "2014.04.21"]
[Round "11"]
[White "Batchimeg, Tuvshintugs"]
[Black "Girya, Olga"]
[Result "1/2-1/2"]
[WhiteElo "2340"]
[BlackElo "2450"]
[Annotator "ChessBase Website"]
[PlyCount "137"]
[EventDate "2014.04.09"]
[EventType "tourn"]
[EventRounds "11"]
[EventCountry "RUS"]
[EventCategory "10"]
[SourceTitle "CBM 160"]
[Source "ChessBase"]
[SourceDate "2014.05.15"]
[SourceVersion "1"]
[SourceVersionDate "2014.05.15"]
[SourceQuality "1"]
[TimeControl "40/5400+30:1800+30"]
[WhiteClock "1:30:00"]
[BlackClock "1:30:00"]

1. d4 {[%emt 0:00:00]} d5 {[%emt 0:00:00]} 2. c4 {[%emt 0:00:00]} c6 {[%emt 0:
00:00]} 3. cxd5 {[%emt 0:00:00]} cxd5 {[%emt 0:00:00]} 4. Nc3 {[%emt 0:00:09]}
Nf6 {[%emt 0:00:02]} 5. Bf4 {[%emt 0:00:12]} Nc6 {[%emt 0:00:09]} 6. e3 {
[%emt 0:00:13]} Bf5 {[%emt 0:00:37]} 7. Qb3 {[%emt 0:00:16]} Na5 {[%emt 0:00:
23]} 8. Qa4+ {[%emt 0:00:06]} Bd7 {[%emt 0:00:05]} 9. Qc2 {[%emt 0:00:15]} Rc8
{[%emt 0:01:06]} (9... e6 10. Bd3 Nh5 11. Be5 Nc6 12. Qe2 Nxe5 13. dxe5 g6 14.
Nf3 Bb4 15. O-O a6 16. Qc2 Rc8 17. Qb3 Qa5 18. Rfc1 O-O 19. a3 Bxc3 20. Rxc3
Rxc3 21. Qxc3 Qxc3 22. bxc3 Rc8 23. Rc1 Ng7 24. Kf1 Ne8 25. Ke2 Kf8 26. Kd2 Nc7
27. Nd4 Ke7 28. Rb1 b5 29. h4 Na8 30. h5 Nb6 {1/2-1/2 (30) Vitiugov,N (2737)
-Dreev,A (2673) Caleta 2014}) 10. Bd3 {[%emt 0:06:05]} e6 {[%emt 0:00:24]} 11.
Nf3 {[%emt 0:00:57]} Be7 {[%emt 0:00:46]} 12. O-O {[%emt 0:01:54]} a6 {[%emt 0:
00:39]} 13. Ne5 {[%emt 0:00:35]} Bb5 $146 {[%emt 0:26:17]} (13... Bc6 14. Rac1
O-O 15. Qe2 Nd7 16. Rfd1 f5 17. Rc2 Nxe5 18. Bxe5 b5 19. h3 Qd7 20. Rdc1 Nc4
21. Bf4 Bf6 22. Nb1 e5 23. dxe5 Nxe5 24. Bxe5 Bxe5 25. Nd2 d4 26. Nf3 Bxf3 27.
Qxf3 Rxc2 28. Rxc2 dxe3 29. Qxe3 Re8 30. Qf3 g6 31. g3 Bg7 32. h4 h5 33. Kh2
Kh7 34. b3 Rd8 35. Rd2 Qd5 36. Qe2 Qe5 37. Qf3 Rd4 38. Re2 Qd6 39. Bc2 Rxh4+
40. Kg1 Rg4 41. Kf1 h4 42. gxh4 Rxh4 43. a4 {Nakhbayeva,G (2307)-Girya,O (2439)
Tashkent 2013 0-1 (107)}) 14. Bxb5+ {[%emt 0:08:40]} axb5 {[%emt 0:00:05]} 15.
Qe2 {[%emt 0:00:31]} b4 {[%emt 0:00:10]} 16. Qb5+ {[%emt 0:00:37]} Nc6 {
[%emt 0:00:31]} 17. Na4 {[%emt 0:01:52]} O-O {[%emt 0:00:48]} 18. Qxb7 {
[%emt 0:09:12] Tuvshintugs won a pawn in the Exchange Slav against Girya but
the Russian obtained a nagging rook on c2 that bound all of White's pieces.
She further sacrificed another pawn to obtain a blockading bishop on b4, and
despite White's material advantage it was unclear how to make progress.
Tuvshintugs managed to liberate herself by giving one pawn back, but the
resulting rook endgame was closer to a draw than to a win.} Nxe5 {[%emt 0:03:
06]} 19. Bxe5 {[%emt 0:02:23]} Rc2 $44 {[%emt 0:02:12][%csl Gc2]} 20. Bxf6 {
[%emt 0:11:39]} gxf6 {[%emt 0:00:08]} 21. Rac1 {[%emt 0:00:16]} Qc8 {[%emt 0:
00:26]} 22. Qxc8 {[%emt 0:00:10]} Rfxc8 {[%emt 0:00:08]} 23. Rxc2 {[%emt 0:00:
08]} Rxc2 {[%emt 0:00:04]} 24. Rd1 {[%emt 0:00:33]} Kf8 {[%emt 0:16:54]} 25.
Kf1 {[%emt 0:02:41]} Ke8 {[%emt 0:06:02]} 26. Ke1 {[%emt 0:00:53]} b3 {[%emt 0:
02:13]} 27. axb3 {[%emt 0:01:09]} Bb4+ {[%emt 0:00:26]} 28. Kf1 {[%emt 0:00:08]
} Kd7 {[%emt 0:04:32]} 29. g4 {[%emt 0:07:23]} Kc6 {[%emt 0:07:26]} 30. Kg2 {
[%emt 0:01:16]} Kc7 {[%emt 0:05:40]} 31. Kf3 {[%emt 0:00:42]} Kc6 {[%emt 0:00:
39]} 32. h4 {[%emt 0:01:15]} h6 {[%emt 0:01:28]} 33. Rg1 {[%emt 0:08:05]} Kc7 {
[%emt 0:06:07]} 34. Rf1 {[%emt 0:13:05]} Kd6 {[%emt 0:11:12]} 35. Ra1 {[%emt 0:
13:34]} Ke7 {[%emt 0:01:38]} 36. Rg1 {[%emt 0:02:46]} Kd6 {[%emt 0:00:36]} 37.
Rf1 {[%emt 0:01:03]} e5 {[%emt 0:03:30]} 38. dxe5+ {[%emt 0:00:26]} fxe5 {
[%emt 0:00:33]} 39. Rd1 {[%emt 0:00:21]} Ke6 {[%emt 0:00:27]} 40. Nb6 {[%emt 0:
00:00]} Rc5 {[%emt 0:00:00]} 41. e4 {[%emt 0:11:15]} dxe4+ {[%emt 0:05:18]} 42.
Kxe4 {[%emt 0:00:06]} Rc2 {[%emt 0:00:16]} 43. f4 {[%emt 0:00:36]} exf4 {
[%emt 0:02:50]} 44. Nd5 {[%emt 0:00:48]} Bd6 {[%emt 0:02:19]} 45. Nxf4+ {
[%emt 0:00:30]} Bxf4 {[%emt 0:00:06]} 46. Kxf4 {[%emt 0:00:03]} Rxb2 {[%emt 0:
01:31]} 47. Rd3 {[%emt 0:00:21]} Rb1 {[%emt 0:00:31]} 48. Rc3 {[%emt 0:03:01]}
Kd5 {[%emt 0:07:50]} 49. Rc7 {[%emt 0:07:09]} Rf1+ {[%emt 0:01:26]} 50. Kg3 {
[%emt 0:01:36]} f5 {[%emt 0:06:44]} 51. gxf5 {[%emt 0:04:41]} Rxf5 {[%emt 0:00:
02]} 52. Kg4 {[%emt 0:06:04]} Rf6 {[%emt 0:00:05]} 53. Rb7 {[%emt 0:05:15]} Kc6
{[%emt 0:02:03]} 54. Rh7 {[%emt 0:00:20]} Kd5 {[%emt 0:00:10]} 55. Kh5 {
[%emt 0:00:56]} Rb6 {[%emt 0:00:03]} 56. Rxh6 {[%emt 0:00:09]} Rxb3 {[%emt 0:
00:03]} 57. Rf6 {[%emt 0:00:47]} Ke5 {[%emt 0:00:17]} 58. Ra6 {[%emt 0:01:55]}
Kf5 {[%emt 0:01:59]} 59. Kh6 {[%emt 0:00:06]} Rb8 {[%emt 0:00:57]} 60. Ra4 {
[%emt 0:01:57]} Rb6+ {[%emt 0:00:49]} 61. Kh5 {[%emt 0:00:17]} Rb8 {[%emt 0:00:
16]} 62. Ra5+ {[%emt 0:00:22]} Kf6 {[%emt 0:00:02]} 63. Ra6+ {[%emt 0:00:19]}
Kg7 {[%emt 0:00:08]} 64. Ra7+ {[%emt 0:00:41]} Kg8 {[%emt 0:00:06]} 65. Kg6 {
[%emt 0:00:37]} Rb6+ {[%emt 0:00:05]} 66. Kg5 {[%emt 0:00:09]} Rb5+ {[%emt 0:
00:01]} 67. Kg6 {[%emt 0:00:16]} Rb6+ {[%emt 0:00:03]} 68. Kg5 {[%emt 0:00:07]}
Rb5+ {[%emt 0:00:01]} 69. Kg6 {[%emt 0:00:11]} 1/2-1/2